02073nam a2200409 a 4500001001200000003000800012006001900020007001500039008004100054010001700095020001500112020001800127020002700145040002100172035002100193050002500214082002000239245034200259260006400601300003600665490004800701504005300749533015200802650003600954650005200990650005801042650005401100655002901154700001501183710002901198710005701227710001701284711016801301830004901469856012601518999001901644ebr10475969CaPaEBRm u cr cn|||||||||090616s2009 vaua sb 101 0 eng d z 2009022667 z0784410496 z9780784410493 z9780784472965 (e-book) aCaPaEBRcCaPaEBR a(OCoLC)74251345314aTE210.4b.S56 2009eb04a624.1/5136322200aSlope stability, retaining walls, and foundationsh[electronic resource] :bselected papers from the 2009 GeoHunan International Conference, August 3-6, 2009, Changsha, Hunan, China /chosted by Changsha University of Science and Technology, China ; co-sponsored by ASCE Geo-Institute, USA ... [et al.] ; edited by Louis Ge ... [et al.]. aReston, Va. :bAmerican Society of Civil Engineers,cc2009. axi, 252 p. :bill. (some col.).1 aGeotechnical special publication ;vno. 197 aIncludes bibliographical references and indexes. aElectronic reproduction.bPalo Alto, Calif. :cebrary,d2013.nAvailable via World Wide Web.nAccess may be limited to ebrary affiliated libraries. 0aSoil stabilizationvCongresses. 0aSlopes (Soil mechanics)xStabilityvCongresses. 0aRetaining wallsxDesign and constructionvCongresses. 0aFoundationsxDesign and constructionvCongresses. 7aElectronic books.2local1 aGe, Louis.2 aChangsha li gong da xue.2 aAmerican Society of Civil Engineers.bGeo-Institute.2 aebrary, Inc.2 aGeoHunan International Conference on Challenges and Recent Advances in Pavement Technologies and Transportation Geotechnicsd(2009 :cChangsha, Hunan Sheng, China) 0aGeotechnical special publication ;vno. 197.40uhttp://site.ebrary.com/lib/rucke/Doc?id=10475969zAn electronic book accessible through the World Wide Web; click to view c216085d216085